[Event "8th EUR-ch (w)"]
[Site "Dresden GER"]
[Date "2007.04.14"]
[Round "11"]
[White "Schone, Maria"]
[Black "Vasilkova, Svetlana"]
[Result "0-1"]
[WhiteElo "2151"]
[BlackElo "2346"]
[EventDate "2007.04.03"]
[PlyCount "68"]

1.e4 c5 2.Nf3 d6 3.d4 cxd4 4.Nxd4 Nf6 5.Nc3 Nc6 6.Bg5 Qb6 7.Nb3 e6 8.Qd2 
a6 9.f3 Be7 10.O-O-O O-O 11.h4 Re8 12.Qe1 Qc7 13.Kb1 b5 14.h5 b4 15.h6 g6 
16.Ne2 e5 17.g3 a5 18.Bh3 Bxh3 19.Rxh3 a4 20.Nbc1 Ra5 21.g4 d5 22.Ng3 Nd4 
23.Rxd4 exd4 24.e5 Rc8 25.Qe2 Rc5 26.Rh2 Ne8 27.Bxe7 Qxe7 28.Qe1 R5c6 29.
Nf5 gxf5 30.gxf5 Qg5 31.f6 Nxf6 32.exf6 Rxf6 33.Qf2 Rg6 34.Qxd4 b3 0-1

[Event "8th EUR-ch (w)"]
[Site "Dresden GER"]
[Date "2007.04.14"]
[Round "11"]
[White "Kadimova, Ilaha"]
[Black "Von Wantoch-Rekowski, Danijela"]
[Result "1-0"]
[WhiteElo "2339"]
[BlackElo "2114"]
[EventDate "2007.04.03"]
[PlyCount "69"]

1.d4 e6 2.c4 Nf6 3.Nc3 Bb4 4.Qc2 d5 5.cxd5 exd5 6.Bg5 h6 7.Bh4 c5 8.dxc5 
Nbd7 9.a3 Qa5 10.Rc1 Bxc3+ 11.Qxc3 Qxc3+ 12.Rxc3 Ne4 13.Rc2 Nexc5 14.e3 
Ne6 15.Nf3 O-O 16.Be2 Nb6 17.b3 Bd7 18.Kd2 Rfc8 19.Rhc1 Rxc2+ 20.Rxc2 Rc8 
21.Ne5 Rxc2+ 22.Kxc2 Kf8 23.Nxd7+ Nxd7 24.Bf3 Nb6 25.a4 a5 26.Kc3 f5 27.g4
f4 28.exf4 d4+ 29.Kc2 Nxf4 30.Bd8 Nd7 31.Bxb7 Nc5 32.Bf3 Nce6 33.Bxa5 d3+ 
34.Kd2 Nc5 35.Bb4 1-0

[Event "8th EUR-ch (w)"]
[Site "Dresden GER"]
[Date "2007.04.14"]
[Round "11"]
[White "Muzicuk, Anna"]
[Black "Petrenko, Svetlana"]
[Result "1-0"]
[WhiteElo "2474"]
[BlackElo "2289"]
[EventDate "2007.04.03"]
[PlyCount "147"]

1.e4 c5 2.Nf3 e6 3.Nc3 Nc6 4.Bb5 Nd4 5.O-O Nxb5 6.Nxb5 a6 7.Nc3 d6 8.d4 
cxd4 9.Qxd4 Ne7 10.Bg5 Nc6 11.Qd2 f6 12.Bf4 Be7 13.Rad1 Ne5 14.Nd4 O-O 15.
Qe2 Qe8 16.Bc1 Nc6 17.Be3 b5 18.a3 Nxd4 19.Bxd4 Bb7 20.f4 Rc8 21.Rf3 e5 
22.Bf2 f5 23.fxe5 fxe4 24.Rxf8+ Qxf8 25.Qg4 Kh8 26.Qe6 dxe5 27.Rd7 Bc5 28.
Rf7 Bxf2+ 29.Kxf2 Qc5+ 30.Ke2 Ba8 31.Rf5 h6 32.Qxe5 Qc4+ 33.Ke3 b4 34.axb4
Qxb4 35.Rf6 gxf6 36.Qxf6+ Kh7 37.Qf5+ Kg7 38.Qd7+ Kg6 39.Qxc8 Qxb2 40.Qg8+
Kf5 41.g4+ Ke5 42.Qg7+ Ke6 43.Qxh6+ Kf7 44.Qh7+ Kf8 45.Qf5+ Kg7 46.Qe5+ 
Kg8 47.Qe8+ Kg7 48.Qd7+ Kg8 49.Qd8+ Kg7 50.Qd4+ Kg8 51.Nxe4 Qc1+ 52.Qd2 
Qg1+ 53.Nf2 Qg2 54.Qd8+ Kg7 55.Qg5+ Kf7 56.Qf5+ Kg8 57.g5 Qc6 58.Nd3 Qb6+ 
59.Kd2 Bd5 60.h4 Bf7 61.Qf6 Qa5+ 62.Ke3 Qa4 63.g6 Qe8+ 64.Ne5 Be6 65.Qf7+ 
Qxf7 66.gxf7+ Kf8 67.Kd4 a5 68.Kc5 Bf5 69.c4 Be6 70.Kb5 a4 71.Kxa4 Bxc4 
72.Nxc4 Kxf7 73.Ne5+ Kf6 74.Nf3 1-0

[Event "8th EUR-ch (w)"]
[Site "Dresden GER"]
[Date "2007.04.14"]
[Round "11"]
[White "Dzagnidze, Nana"]
[Black "Ionica, Iulia-Ionela"]
[Result "1-0"]
[WhiteElo "2435"]
[BlackElo "2276"]
[EventDate "2007.04.03"]
[PlyCount "71"]

1.d4 Nf6 2.c4 g6 3.Nc3 Bg7 4.e4 d6 5.Be2 O-O 6.Bg5 Na6 7.Qd2 Qe8 8.f3 e5 
9.d5 Kh8 10.g4 Ng8 11.Nh3 f5 12.gxf5 gxf5 13.exf5 Bxf5 14.Nf2 Nc5 15.O-O-O
a5 16.Rhg1 a4 17.Be3 a3 18.b3 b6 19.h4 Qh5 20.Nfe4 Qf7 21.h5 h6 22.Rg2 Qd7
23.Rdg1 Rf7 24.Bd1 Na6 25.Bc2 Nb4 26.Bb1 Ra5 27.Rg3 Ra8 28.Qg2 Rb8 29.Nxd6
cxd6 30.Bxf5 Qxf5 31.Rxg7 Ne7 32.Bxh6 Nd3+ 33.Kd2 Nf4 34.Bxf4 Qxf4+ 35.Ke2
Qf6 36.h6 1-0

[Event "8th EUR-ch (w)"]
[Site "Dresden GER"]
[Date "2007.04.14"]
[Round "11"]
[White "Paulet, Iozefina"]
[Black "Pokorna, Regina"]
[Result "1/2-1/2"]
[WhiteElo "2241"]
[BlackElo "2343"]
[EventDate "2007.04.03"]
[PlyCount "26"]

1.e4 e5 2.Nf3 Nc6 3.Bb5 a6 4.Bxc6 dxc6 5.O-O f6 6.d4 exd4 7.Nxd4 c5 8.Nb3 
Qxd1 9.Rxd1 Bg4 10.f3 Be6 11.Bf4 c4 12.Nd4 O-O-O 13.Nc3 Bc5 1/2-1/2

[Event "8th EUR-ch (w)"]
[Site "Dresden GER"]
[Date "2007.04.14"]
[Round "11"]
[White "Leite, Catarina"]
[Black "Klinova, Masha"]
[Result "0-1"]
[WhiteElo "2232"]
[BlackElo "2330"]
[EventDate "2007.04.03"]
[PlyCount "164"]

1.e4 d6 2.d4 Nf6 3.Nc3 g6 4.Nf3 Bg7 5.Be2 O-O 6.O-O Nc6 7.h3 e5 8.dxe5 
Nxe5 9.Nxe5 dxe5 10.Bc4 c6 11.a4 Qe7 12.Qe2 Nh5 13.Re1 Nf4 14.Bxf4 exf4 
15.Qf3 Be5 16.Rad1 Kg7 17.Ne2 Qf6 18.c3 h5 19.Nc1 Qg5 20.Be2 Be6 21.Nd3 
Bc7 22.e5 Bb3 23.Ra1 Rfe8 24.Qxf4 Qxf4 25.Nxf4 Bxe5 26.Nd3 Bd6 27.Bf3 Bc2 
28.Rxe8 Rxe8 29.Nb4 Bb3 30.g3 a5 31.Nd3 Rd8 32.Nc1 Bc2 33.Ne2 Bc5 34.Rc1 
Bxa4 35.Ra1 Rd1+ 36.Rxd1 Bxd1 37.Kf1 Bc2 38.Nf4 Bd6 39.Ng2 Bf5 40.h4 Be6 
41.Ke2 Kf6 42.Kd3 Bc5 43.Ne3 Ke7 44.Be2 b5 45.Ke4 Kd6 46.f3 a4 47.g4 hxg4 
48.fxg4 Ke7 49.h5 gxh5 50.gxh5 Kf6 51.Bd1 Kg5 52.Bf3 Bd7 53.Be2 f5+ 54.Kd3
f4 55.Nc2 Bf5+ 56.Kd2 Be4 57.Ne1 Be3+ 58.Kd1 Bd5 59.Nc2 Bf2 60.Nb4 Bg2 61.
Nd3 Be3 62.Ne5 Bd5 63.c4 bxc4 64.Bxc4 Be4 65.h6 Kxh6 66.Ng4+ Kg5 67.Nxe3 
fxe3 68.Ke2 Kf4 69.Bf7 Bd5 70.Be8 Bc4+ 71.Ke1 Bb5 72.Kd1 Kf3 73.Ke1 Ke4 
74.Kd1 Kd4 75.Bf7 Kc5 76.Kc2 Kb4 77.Ba2 Bc4 78.Bb1 c5 79.Kd1 Kb3 80.Kc1 e2
81.Bc2+ Ka2 82.Kd2 Bb3 0-1

[Event "8th EUR-ch (w)"]
[Site "Dresden GER"]
[Date "2007.04.14"]
[Round "11"]
[White "Burtasova, Anna"]
[Black "Dergatschova-Daus, Anna"]
[Result "1-0"]
[WhiteElo "2314"]
[BlackElo "2230"]
[EventDate "2007.04.03"]
[PlyCount "107"]

1.e4 e6 2.d4 d5 3.e5 c5 4.c3 Nc6 5.Nf3 Bd7 6.a3 c4 7.Nbd2 Na5 8.h4 Ne7 9.
g3 Nc8 10.Ng5 h6 11.Nh3 Nb6 12.Nf4 Ba4 13.Qh5 Qd7 14.Bh3 O-O-O 15.O-O Bc2 
16.Kh2 g6 17.Qf3 Be7 18.h5 g5 19.Ng2 Rdf8 20.Re1 Nb3 21.Nxb3 cxb3 22.Ne3 
Be4 23.Qe2 Bh7 24.a4 Qc6 25.a5 Nc4 26.Nxd5 Qxd5 27.Bg2 Qb5 28.Bf1 a6 29.
Qxc4+ Qxc4 30.Bxc4 Bc2 31.d5 exd5 32.Bxd5 Rh7 33.Be3 f5 34.exf6 Bxf6 35.
Bc5 Rd8 36.Be6+ Kb8 37.Bb6 Rdh8 38.Re3 Re7 39.Rae1 Ree8 40.Bf7 Rxe3 41.
Rxe3 Bd8 42.Bxd8 Rxd8 43.Re8 Rxe8 44.Bxe8 Kc7 45.Kg2 Kd6 46.Kf3 Ke5 47.Ke3
Bd1 48.f4+ gxf4+ 49.gxf4+ Kf6 50.Bg6 Bc2 51.Be4 Bd1 52.Bxb7 Bxh5 53.Bxa6 
Bf7 54.Bb7 1-0

[Event "8th EUR-ch (w)"]
[Site "Dresden GER"]
[Date "2007.04.14"]
[Round "11"]
[White "Velikhanli, Firuza"]
[Black "Topel, Zehra"]
[Result "0-1"]
[WhiteElo "2310"]
[BlackElo "2224"]
[EventDate "2007.04.03"]
[PlyCount "96"]

1.e4 c5 2.Nf3 Nc6 3.Bb5 e6 4.O-O Nge7 5.c3 a6 6.Ba4 b5 7.Bc2 Qc7 8.d4 cxd4
9.cxd4 d5 10.e5 a5 11.Nc3 Ba6 12.Bd3 Qb6 13.Be3 b4 14.Na4 Qa7 15.Rc1 Bxd3 
16.Qxd3 Qa6 17.Qd2 Nf5 18.Bf4 h5 19.Rc2 Be7 20.Rfc1 Rc8 21.h3 h4 22.Bg5 
O-O 23.Bxe7 Ncxe7 24.Nc5 Qb5 25.Qg5 Rfe8 26.Qg4 Ng6 27.b3 Rc7 28.Ng5 Nh6 
29.Qe2 Qxe2 30.Rxe2 Rec8 31.Rec2 Nf5 32.Nf3 Nf4 33.Rd1 Ng6 34.Rdc1 Kh7 35.
Kf1 Kh6 36.Ke1 Nf4 37.Kd2 Nxg2 38.Nb7 Rxc2+ 39.Rxc2 Rxc2+ 40.Kxc2 Nf4 41.
Nxa5 Nxh3 42.Nc6 Nxf2 43.a4 bxa3 44.b4 Ne3+ 45.Kb3 h3 46.Na5 Ne4 47.b5 a2 
48.Kb2 Nc3 0-1

[Event "8th EUR-ch (w)"]
[Site "Dresden GER"]
[Date "2007.04.14"]
[Round "11"]
[White "Meshcheriakova, Evgenia"]
[Black "Nemcova, Katerina"]
[Result "1-0"]
[WhiteElo "2309"]
[BlackElo "2164"]
[EventDate "2007.04.03"]
[PlyCount "91"]

1.Nf3 Nf6 2.c4 g6 3.b4 Bg7 4.Bb2 O-O 5.e3 c6 6.d4 d5 7.c5 Ne4 8.Nc3 f5 9.
Bd3 Nd7 10.Ne2 Qc7 11.Nf4 Ndf6 12.Ne5 Ng5 13.h4 Nf7 14.Nxf7 Rxf7 15.Qc2 
Ng4 16.O-O-O e5 17.Nh3 Re7 18.h5 b6 19.hxg6 hxg6 20.Be2 exd4 21.Bxd4 Bxd4 
22.Rxd4 Ne5 23.Ng5 Nf7 24.Nxf7 Rxf7 25.Rdh4 Qe5 26.Qb2 Qxb2+ 27.Kxb2 bxc5 
28.Rh8+ Kg7 29.R1h7+ Kf6 30.Rxf7+ Kxf7 31.Ba6 cxb4 32.Bxc8 Kf6 33.Rf8+ Kg5
34.Re8 c5 35.Bd7 Rxe8 36.Bxe8 Kf6 37.f4 c4 38.Kc2 a5 39.Kb2 Ke6 40.Bxg6 a4
41.Be8 a3+ 42.Kc2 d4 43.exd4 Kd5 44.Bg6 Kxd4 45.Bxf5 Ke3 46.g3 1-0

[Event "8th EUR-ch (w)"]
[Site "Dresden GER"]
[Date "2007.04.14"]
[Round "11"]
[White "Gvetadze, Sopio"]
[Black "Gromova, Yulia"]
[Result "1/2-1/2"]
[WhiteElo "2411"]
[BlackElo "2252"]
[EventDate "2007.04.03"]
[PlyCount "116"]

1.e4 c6 2.d4 d5 3.Nc3 dxe4 4.Nxe4 Bf5 5.Ng3 Bg6 6.Bc4 e6 7.N1e2 Bd6 8.h4 
h6 9.Nf4 Bxf4 10.Bxf4 Nf6 11.Qd2 O-O 12.O-O-O b5 13.Be2 Nd5 14.Bf3 Nd7 15.
Be4 Bxe4 16.Nxe4 Nxf4 17.Qxf4 Nf6 18.Nc5 Nd5 19.Qd2 b4 20.Rh3 Rb8 21.f4 
Qa5 22.a4 Rb5 23.b3 Rxc5 24.dxc5 Qxc5 25.g4 Qe7 26.g5 h5 27.Qf2 g6 28.Qd4 
Qc7 29.Rf3 Rc8 30.Qe5 Qb6 31.Rd4 Qc7 32.Qxc7 Rxc7 33.Rc4 c5 34.Kd2 a5 35.
Rd3 Kf8 36.Re4 Rc6 37.Ke1 Kg7 38.Kf2 Kg8 39.Ke1 Rc7 40.Kd2 Kf8 41.Rf3 Rc6 
42.Kd3 Nb6 43.c4 bxc3 44.Kxc3 c4 45.bxc4 Nxa4+ 46.Kc2 Nc5 47.Rd4 Ke7 48.
Ra3 Nb7 49.Kc3 Rc5 50.Rb3 Nd6 51.Rb6 Ne8 52.Rb5 Rxb5 53.cxb5 Nd6 54.Ra4 
Nxb5+ 55.Kd3 Nd6 56.Rxa5 Nf5 57.Ra7+ Kf8 58.Ke4 Nxh4 1/2-1/2

[Event "8th EUR-ch (w)"]
[Site "Dresden GER"]
[Date "2007.04.14"]
[Round "11"]
[White "Yildiz, Betul Cemre"]
[Black "Sharevich, Anna"]
[Result "1-0"]
[WhiteElo "2194"]
[BlackElo "2323"]
[EventDate "2007.04.03"]
[PlyCount "99"]

1.e4 c5 2.Nf3 e6 3.d4 cxd4 4.Nxd4 a6 5.Bd3 Bc5 6.Nb3 Be7 7.Be3 d6 8.N1d2 
Nf6 9.Qe2 Qc7 10.f4 Nbd7 11.O-O-O e5 12.f5 d5 13.g4 d4 14.Bf2 Nb6 15.Bg3 
Na4 16.Nc4 Nd7 17.Nxd4 b5 18.Nxe5 Nxe5 19.Bxb5+ axb5 20.Qxb5+ Bd7 21.Qxe5 
Qxe5 22.Bxe5 O-O 23.Bf4 Rfc8 24.e5 Bc6 25.Rhe1 Bd5 26.Nb3 Bxb3 27.axb3 Nc5
28.Kb1 Ra6 29.b4 Rca8 30.Kc1 Ne4 31.c3 Nf2 32.Rd7 Bh4 33.Re2 g5 34.Bd2 
Nxg4 35.c4 Re8 36.Bc3 Ra1+ 37.Kc2 Rh1 38.e6 fxe6 39.fxe6 Rxh2 40.Rg7+ Kf8 
41.e7+ Rxe7 42.Rxe7 Rxe2+ 43.Rxe2 Bg3 44.Bd2 Ne5 45.c5 Nf3 46.Bc3 h5 47.b5
h4 48.b6 h3 49.c6 h2 50.c7 1-0

[Event "8th EUR-ch (w)"]
[Site "Dresden GER"]
[Date "2007.04.14"]
[Round "11"]
[White "Nill, Jessica"]
[Black "Makka, Ioulia"]
[Result "0-1"]
[WhiteElo "2283"]
[BlackElo "2185"]
[EventDate "2007.04.03"]
[PlyCount "62"]

1.d4 Nf6 2.c4 e6 3.Nc3 Bb4 4.e3 O-O 5.Ne2 d5 6.a3 Be7 7.c5 b6 8.b4 a5 9.
Rb1 axb4 10.axb4 bxc5 11.bxc5 Ba6 12.g3 Nc6 13.Bg2 Bc4 14.O-O Rb8 15.Bd2 
Bd3 16.Rxb8 Qxb8 17.Re1 Qb7 18.Nf4 Bf5 19.h3 h6 20.g4 Bh7 21.h4 Ne4 22.
Nxe4 Bxe4 23.Bxe4 dxe4 24.Qc2 Rb8 25.Qxe4 Bxh4 26.Rf1 Qb5 27.Qh1 Bg5 28.
Nh3 Nxd4 29.exd4 Bxd2 30.Qe4 Rd8 31.Rd1 Qb4 0-1

[Event "8th EUR-ch (w)"]
[Site "Dresden GER"]
[Date "2007.04.14"]
[Round "11"]
[White "Cherednichenko, Svetlana"]
[Black "Mira, Helene"]
[Result "0-1"]
[WhiteElo "2280"]
[BlackElo "2171"]
[EventDate "2007.04.03"]
[PlyCount "78"]

1.d4 d6 2.Nf3 Bg4 3.e4 Nf6 4.h3 Bh5 5.Bd3 Nbd7 6.c3 e5 7.O-O Be7 8.Nbd2 
Bg6 9.Re1 c6 10.b3 O-O 11.Qc2 Re8 12.Bb2 Bf8 13.Rad1 Qc7 14.Nh4 d5 15.Nxg6
hxg6 16.c4 dxe4 17.Nxe4 Nxe4 18.Bxe4 exd4 19.Bxd4 Nc5 20.Bf3 Rad8 21.Bc3 
Rxe1+ 22.Rxe1 Ne6 23.Bg4 Nd4 24.Qb2 c5 25.b4 b6 26.b5 Be7 27.a4 Bf6 28.Ra1
Qe7 29.Ra3 Qe4 30.a5 Be5 31.axb6 axb6 32.Ra1 f5 33.Bf3 Qf4 34.Bxd4 Qh2+ 
35.Kf1 Bxd4 36.Bd5+ Kh7 37.Qa3 Qh1+ 38.Ke2 Qxa1 39.Qg3 Re8+ 0-1

[Event "8th EUR-ch (w)"]
[Site "Dresden GER"]
[Date "2007.04.14"]
[Round "11"]
[White "Guramishvili, Sopiko"]
[Black "Khudaverdieva, Afag"]
[Result "1/2-1/2"]
[WhiteElo "2267"]
[BlackElo "2163"]
[EventDate "2007.04.03"]
[PlyCount "67"]

1.d4 Nf6 2.c4 g6 3.Nc3 d5 4.Bg5 Ne4 5.Bh4 Nxc3 6.bxc3 Bg7 7.e3 dxc4 8.Bxc4
O-O 9.Nf3 c5 10.O-O Nc6 11.Rb1 Qc7 12.Bg3 Qd8 13.Qc1 Bf5 14.Rb5 Na5 15.Be2
cxd4 16.cxd4 b6 17.Ne5 Rc8 18.Qa3 Rc2 19.Bd1 Rc8 20.Bf3 Qe8 21.Rb4 Bxe5 
22.dxe5 Be6 23.Bd1 Qd7 24.Rd4 Qc7 25.Bg4 Nc4 26.Qc1 Qc6 27.Qd1 b5 28.h4 
Nb6 29.h5 Rc7 30.Bxe6 Qxe6 31.hxg6 hxg6 32.Qe2 Rc4 33.Rb1 a6 34.Qd2 
1/2-1/2

[Event "8th EUR-ch (w)"]
[Site "Dresden GER"]
[Date "2007.04.14"]
[Round "11"]
[White "Karlovich, Anastazia"]
[Black "Vogel, Heike"]
[Result "1/2-1/2"]
[WhiteElo "2266"]
[BlackElo "2156"]
[EventDate "2007.04.03"]
[PlyCount "47"]

1.e4 d5 2.exd5 Nf6 3.d4 Nxd5 4.c4 Nb6 5.Nf3 Bg4 6.c5 N6d7 7.Bc4 e6 8.Nc3 
Be7 9.Be3 O-O 10.h3 Bh5 11.Qb3 Nc6 12.Qxb7 Na5 13.Qa6 c6 14.Be2 Rb8 15.O-O
Qc7 16.b3 f5 17.Ng5 Bf7 18.g3 Bf6 19.Na4 Rb4 20.Qd3 Rfb8 21.Rad1 Nxb3 22.
axb3 Rxb3 23.Qc2 Bxg5 24.Bxg5 1/2-1/2

[Event "8th EUR-ch (w)"]
[Site "Dresden GER"]
[Date "2007.04.14"]
[Round "11"]
[White "Danelia, Mariam"]
[Black "Medic, Mirjana"]
[Result "1/2-1/2"]
[WhiteElo "2056"]
[BlackElo "2265"]
[EventDate "2007.04.03"]
[PlyCount "59"]

1.d4 e6 2.c4 f5 3.Nc3 Nf6 4.Qc2 Bb4 5.e3 O-O 6.Bd3 d6 7.Ne2 Nc6 8.O-O Bxc3
9.Qxc3 e5 10.d5 Ne7 11.f4 e4 12.Bc2 Bd7 13.b3 Qe8 14.Bb2 Qf7 15.Nd4 a5 16.
a4 Rfc8 17.Ba3 Ng6 18.Bd1 Qe7 19.Be2 h6 20.Rad1 Kh7 21.Nc2 Qf7 22.Bb2 Ne7 
23.Kh1 Ne8 24.Ba3 Rd8 25.Rd2 Nf6 26.Bb2 Bc8 27.Rfd1 Bd7 28.Ba3 Bc8 29.Rf1 
Bd7 30.Rfd1 1/2-1/2

[Event "8th EUR-ch (w)"]
[Site "Dresden GER"]
[Date "2007.04.14"]
[Round "11"]
[White "Seps, Monika"]
[Black "Winkelmann, Elena"]
[Result "1-0"]
[WhiteElo "2265"]
[BlackElo "2114"]
[EventDate "2007.04.03"]
[PlyCount "59"]

1.e4 c5 2.Nf3 e6 3.d4 cxd4 4.Nxd4 a6 5.Nc3 b5 6.Bd3 d6 7.O-O Nf6 8.f4 Bb7 
9.a3 e5 10.Nf5 g6 11.fxe5 dxe5 12.Nh6 Nbd7 13.Qf3 Qb6+ 14.Kh1 Qe6 15.Bg5 
Bxh6 16.Bxh6 Ng4 17.Nd5 Rc8 18.Bd2 h5 19.a4 f5 20.axb5 Nc5 21.bxa6 Bxd5 
22.exd5 Qd6 23.Bb5+ Kf7 24.a7 e4 25.Qg3 Qxd5 26.Bc3 Rhd8 27.a8=Q Rxa8 28.
Qc7+ Ke6 29.Bc6 Qc4 30.Bxa8 1-0

[Event "8th EUR-ch (w)"]
[Site "Dresden GER"]
[Date "2007.04.14"]
[Round "11"]
[White "Mamedyarova, Turkan"]
[Black "Isgandarova, Khayala"]
[Result "1-0"]
[WhiteElo "2293"]
[BlackElo "2155"]
[EventDate "2007.04.03"]
[PlyCount "85"]

1.c4 Nf6 2.Nc3 g6 3.g3 Bg7 4.Bg2 d6 5.Nf3 O-O 6.O-O e5 7.d3 Nc6 8.Rb1 a5 
9.a3 h6 10.b4 axb4 11.axb4 Be6 12.b5 Ne7 13.Bb2 Qd7 14.Re1 Bh3 15.Bh1 Ng4 
16.e3 f5 17.Ra1 g5 18.Rxa8 Rxa8 19.Nd2 Rb8 20.Nb3 f4 21.exf4 exf4 22.Nd5 
Ng6 23.Bxg7 Qxg7 24.Be4 c6 25.Bxg6 cxd5 26.Bh5 Ne5 27.Bf3 Be6 28.Nd4 Nxf3+
29.Qxf3 Qxd4 30.Rxe6 dxc4 31.Qh5 Qa1+ 32.Kg2 f3+ 33.Kh3 Rf8 34.Rg6+ Kf7 
35.Rxh6+ Ke7 36.Rh7+ Ke6 37.Qg4+ Kf6 38.Qxf3+ Kg6 39.Qh5+ Kf5 40.Rf7+ Rxf7
41.Qxf7+ Qf6 42.g4+ Ke5 43.d4+ 1-0

[Event "8th EUR-ch (w)"]
[Site "Dresden GER"]
[Date "2007.04.14"]
[Round "11"]
[White "Lauterbach, Ingrid"]
[Black "Ptacnikova, Lenka"]
[Result "0-1"]
[WhiteElo "2142"]
[BlackElo "2290"]
[EventDate "2007.04.03"]
[PlyCount "109"]

1.Nf3 c5 2.g3 g6 3.Bg2 Bg7 4.e4 Nc6 5.d3 e5 6.Nc3 Nge7 7.Nd5 Nxd5 8.exd5 
Ne7 9.Nd2 d6 10.O-O O-O 11.Nc4 b5 12.Ne3 Rb8 13.c3 f5 14.f4 Kh8 15.Nc2 Bb7
16.fxe5 Nxd5 17.exd6 Qxd6 18.d4 f4 19.Bxf4 Nxf4 20.Rxf4 Rxf4 21.gxf4 Bxg2 
22.Kxg2 Qxf4 23.Qf3 Qd2+ 24.Qf2 Qd3 25.Ne1 Qe4+ 26.Nf3 cxd4 27.cxd4 Rf8 
28.Rd1 g5 29.h3 g4 30.hxg4 Qxg4+ 31.Qg3 Qe4 32.Rh1 Bxd4 33.Re1 Qd5 34.Rd1 
Rg8 35.Rxd4 Rxg3+ 36.Kxg3 Qxa2 37.b4 a5 38.Rd8+ Kg7 39.Ra8 a4 40.Ra7+ Kf6 
41.Ra6+ Ke7 42.Ra5 Qc4 43.Ra7+ Kd6 44.Ra6+ Kd5 45.Rh6 Qc7+ 46.Kf2 Qa7+ 47.
Ke2 Qe7+ 48.Kf2 a3 49.Rh5+ Kc4 50.Ne5+ Kb3 51.Rh3+ Ka4 52.Nd3 Qf6+ 53.Ke2 
Qe6+ 54.Re3 Qxe3+ 55.Kxe3 0-1

[Event "8th EUR-ch (w)"]
[Site "Dresden GER"]
[Date "2007.04.14"]
[Round "11"]
[White "Shmirina, Evgenija"]
[Black "Dolzhikova, Kateryna"]
[Result "0-1"]
[WhiteElo "2112"]
[BlackElo "2282"]
[EventDate "2007.04.03"]
[PlyCount "122"]

1.e4 c5 2.d4 cxd4 3.c3 dxc3 4.Nxc3 Nc6 5.Nf3 d6 6.Bc4 e6 7.O-O Be7 8.Be3 
Nf6 9.a3 O-O 10.Qe2 a6 11.Rac1 e5 12.Rfd1 Bg4 13.b4 Rc8 14.Ba2 h6 15.Qd2 
Qd7 16.Kh1 Bxf3 17.gxf3 Qh3 18.Qe2 Nh5 19.Nd5 Bg5 20.Bxg5 hxg5 21.Qe3 Nd4 
22.Qxg5 Rc2 23.Qg4 Qxg4 24.fxg4 Rxf2 25.Rg1 Rxa2 26.gxh5 Ne2 27.Ra1 Rxa1 
28.Rxa1 Kh7 29.Kg2 Rc8 30.Rf1 f6 31.Kf3 Nd4+ 32.Ke3 Rc2 33.h4 Ra2 34.Rc1 
Rxa3+ 35.Kf2 Ra2+ 36.Ke3 Rc2 37.Rg1 Rh2 38.Rc1 Nc6 39.Rb1 Rh3+ 40.Kf2 Nd4 
41.Rc1 Nb5 42.Rc8 Rxh4 43.Ke3 Rh3+ 44.Kd2 Rxh5 45.Rb8 f5 46.Rxb7 Rh2+ 47.
Kd3 f4 48.Nf6+ Kg6 49.Ne8 Rb2 50.Rxg7+ Kh5 51.Nf6+ Kh4 52.Nd5 Kh3 53.Rg6 
Rg2 54.Rh6+ Kg3 55.Rg6+ Kf2 56.Rf6 Ke1 57.Nxf4 exf4 58.Rxf4 Rg3+ 59.Kc4 
Ke2 60.Kd5 Rb3 61.Kc4 Rd3 0-1

[Event "8th EUR-ch (w)"]
[Site "Dresden GER"]
[Date "2007.04.14"]
[Round "11"]
[White "Ohme, Melanie"]
[Black "Cherednichenko, Elena"]
[Result "1-0"]
[WhiteElo "2225"]
[BlackElo "2091"]
[EventDate "2007.04.03"]
[PlyCount "105"]

1.e4 e6 2.d4 d5 3.Nc3 dxe4 4.Nxe4 Nd7 5.Nf3 Be7 6.Bd3 Ngf6 7.Qe2 c5 8.Nxc5
Nxc5 9.dxc5 Qa5+ 10.c3 Qxc5 11.Bg5 Bd7 12.Ne5 Bc6 13.Nxc6 bxc6 14.Be3 Qe5 
15.O-O O-O 16.f4 Qh5 17.Qxh5 Nxh5 18.Be4 Rfc8 19.c4 Nf6 20.Bf3 a5 21.Rad1 
Rab8 22.Rf2 Bb4 23.g4 Rb7 24.a3 Be7 25.Rfd2 Kf8 26.g5 Ne8 27.Rd7 Rxd7 28.
Rxd7 c5 29.Ra7 Nd6 30.b3 Bd8 31.Bd2 Rb8 32.Ra6 Ke7 33.Be3 Bb6 34.b4 axb4 
35.axb4 Nxc4 36.Bxc5+ Bxc5+ 37.bxc5 Ne3 38.Ra7+ Kf8 39.Kf2 Nd5 40.Bxd5 
exd5 41.Ke3 Rd8 42.Kd4 Ke8 43.Rb7 Kf8 44.c6 Ke8 45.Kc5 Ra8 46.Kxd5 Rd8+ 
47.Kc5 Rd2 48.Rb8+ Ke7 49.c7 Rc2+ 50.Kb6 Rb2+ 51.Ka5 Ra2+ 52.Kb4 Rb2+ 53.
Ka3 1-0

[Event "8th EUR-ch (w)"]
[Site "Dresden GER"]
[Date "2007.04.14"]
[Round "11"]
[White "Mader, Manuela"]
[Black "Sautter, Elke"]
[Result "1-0"]
[WhiteElo "2223"]
[BlackElo "2046"]
[EventDate "2007.04.03"]
[PlyCount "65"]

1.e4 e6 2.d4 d5 3.Nc3 dxe4 4.Nxe4 Nd7 5.Nf3 Ngf6 6.Nxf6+ Nxf6 7.c3 Be7 8.
Bf4 O-O 9.Bd3 b6 10.Qd2 Bb7 11.O-O-O Qd5 12.Bb1 Bd6 13.Be5 Qa5 14.Bxf6 
gxf6 15.h4 Qh5 16.g4 Qd5 17.Rh3 h6 18.Qe3 Kg7 19.c4 Qa5 20.g5 hxg5 21.hxg5
f5 22.g6 Rh8 23.Rxh8 Rxh8 24.gxf7 Bxf3 25.Qxf3 Kxf7 26.d5 Rh2 27.Rg1 Qc5 
28.Bxf5 Qxf2 29.dxe6+ Kf6 30.Rg6+ Ke7 31.Rg7+ Kf6 32.Rf7+ Kg5 33.Qg4+ 1-0

[Event "8th EUR-ch (w)"]
[Site "Dresden GER"]
[Date "2007.04.14"]
[Round "11"]
[White "Schulz, Stefanie"]
[Black "Richards, Heather"]
[Result "1-0"]
[WhiteElo "2117"]
[BlackElo "2220"]
[EventDate "2007.04.03"]
[PlyCount "159"]

1.e4 e6 2.d3 d5 3.Nd2 Nf6 4.Ngf3 Nc6 5.c3 e5 6.Be2 a5 7.O-O Bc5 8.exd5 
Nxd5 9.Nc4 Bd6 10.Nxd6+ Qxd6 11.d4 e4 12.Nd2 Qg6 13.Bh5 Qf5 14.Nxe4 O-O 
15.Ng3 Qf6 16.Re1 a4 17.Ne4 Qf5 18.Ng3 Qf6 19.c4 Nb6 20.d5 Nb4 21.c5 Nd7 
22.a3 Na6 23.Ne4 Qf5 24.Bg4 Qg6 25.Bh5 Qf5 26.g4 Qe5 27.Ng3 Qf6 28.g5 Qd8 
29.c6 Nb6 30.Bf3 Nc5 31.Be3 Nb3 32.Rb1 Nc4 33.Qe2 Ne5 34.Bg2 bxc6 35.Rbd1 
Ba6 36.Qc2 Nc4 37.Bf4 c5 38.d6 c6 39.Bxc6 Rc8 40.Bxa4 Nd4 41.Rxd4 cxd4 42.
d7 Ne5 43.dxc8=Q Nf3+ 44.Kh1 Bxc8 45.Rd1 Bb7 46.Bc6 Qc8 47.Rc1 d3 48.Bxb7 
Qh3 49.Bxf3 dxc2 50.Rxc2 f6 51.Bd5+ Kh8 52.gxf6 Rxf6 53.Be3 h5 54.Bg2 Qg4 
55.Rd2 Rf8 56.h3 Qh4 57.Rd5 g6 58.Kh2 Re8 59.b4 Qe7 60.Bd4+ Kg8 61.Re5 Qd7
62.Rd5 Qc7 63.Rc5 Qb8 64.Rc6 h4 65.Rxg6+ Kf8 66.Bc5+ Kf7 67.Rg5 hxg3+ 68.
Rxg3 Rd8 69.a4 Rd1 70.a5 Qb5 71.Bf3 Rd2 72.Bh5+ Kf6 73.Rg6+ Ke5 74.Be3 
Qxb4 75.Bxd2 Qxd2 76.Kg2 Kf5 77.h4 Kf4 78.Bf3 Qxa5 79.Rg4+ Kf5 80.Rg5+ 1-0

[Event "8th EUR-ch (w)"]
[Site "Dresden GER"]
[Date "2007.04.14"]
[Round "11"]
[White "Von Herman, Brigitte"]
[Black "Umudova, Nargiz"]
[Result "0-1"]
[WhiteElo "2070"]
[BlackElo "2198"]
[EventDate "2007.04.03"]
[PlyCount "104"]

1.e4 c5 2.Nf3 Nc6 3.c3 d6 4.Bd3 Nf6 5.Bc2 g6 6.h3 Bg7 7.d4 cxd4 8.cxd4 O-O
9.Nc3 e5 10.O-O exd4 11.Nxd4 Nxe4 12.Nxc6 Nxc3 13.Nxd8 Nxd1 14.Nxf7 Nxb2 
15.Nh6+ Kh8 16.Rb1 Nc4 17.Re1 Nb6 18.Bb3 d5 19.Re7 Bf5 20.Nxf5 Rxf5 21.
Rxb7 Nc4 22.Bc2 Rff8 23.Bg5 Rae8 24.Bd3 Bd4 25.Bh4 a5 26.Bxc4 dxc4 27.Rd7 
Re4 28.Bg3 Kg8 29.Rd1 Bb2 30.f3 Re2 31.R7d2 Rxd2 32.Rxd2 c3 33.Rc2 Rd8 34.
Bf4 Rd4 35.Be3 Ra4 36.Kf1 Rxa2 37.Ke2 Ra3 38.Bd4 Rb3 39.Kd3 a4 40.Bxc3 a3 
41.Kd2 Rxc3 42.Rxc3 a2 43.Rc8+ Kf7 44.Ra8 a1=Q 45.Rxa1 Bxa1 46.Ke3 Kf6 47.
f4 Ke6 48.g4 Bf6 49.f5+ Ke5 50.Kf3 g5 51.Ke3 Bd8 52.h4 h6 0-1

[Event "8th EUR-ch (w)"]
[Site "Dresden GER"]
[Date "2007.04.14"]
[Round "11"]
[White "Kopinits, Anna-Christina"]
[Black "Brunello, Roberta"]
[Result "1-0"]
[WhiteElo "2198"]
[BlackElo "1953"]
[EventDate "2007.04.03"]
[PlyCount "117"]

1.e4 e5 2.Nf3 Nc6 3.Nc3 Nf6 4.d4 exd4 5.Nxd4 Bb4 6.Nxc6 bxc6 7.Bd3 d5 8.
exd5 cxd5 9.O-O O-O 10.Bg5 c6 11.Qf3 Bd6 12.h3 Rb8 13.b3 Be5 14.Bd2 c5 15.
Rad1 Bb7 16.Qf5 Bxc3 17.Bxc3 d4 18.Bb2 Qd5 19.Qxd5 Nxd5 20.Ba3 Nb4 21.Bxb4
cxb4 22.Bc4 Rbd8 23.Rfe1 Rd7 24.Re5 g6 25.Rb5 Be4 26.Rd2 a5 27.f3 Bc6 28.
Rb6 Bb7 29.Bb5 Rc7 30.Rxd4 Bc8 31.Bd3 Re8 32.Re4 Rxe4 33.fxe4 Rc5 34.Kf2 
Kf8 35.Rb5 Rxb5 36.Bxb5 Ke7 37.Ke3 Kd6 38.Kd4 f6 39.h4 h6 40.g3 g5 41.hxg5
hxg5 42.Bd3 Be6 43.c3 Bf7 44.Bc4 Bg6 45.cxb4 axb4 46.Bd5 Bh5 47.Kc4 Ke5 
48.Bc6 Bf3 49.Kxb4 Bxe4 50.Bxe4 Kxe4 51.a4 f5 52.a5 Kf3 53.a6 Kxg3 54.a7 
f4 55.a8=Q f3 56.Qb8+ Kh3 57.Qh8+ Kg3 58.Qe5+ Kg4 59.Qh2 1-0

[Event "8th EUR-ch (w)"]
[Site "Dresden GER"]
[Date "2007.04.14"]
[Round "11"]
[White "Apanaviciute, Kristina"]
[Black "Smochina, Carolina"]
[Result "0-1"]
[WhiteElo "2008"]
[BlackElo "2192"]
[EventDate "2007.04.03"]
[PlyCount "62"]

1.e4 e5 2.Bc4 Nf6 3.d3 Nc6 4.Nf3 Bc5 5.c3 O-O 6.O-O d5 7.exd5 Nxd5 8.b4 
Be7 9.h3 a6 10.a4 Bf5 11.Bb3 Re8 12.Nh2 Bg6 13.Qf3 Nf6 14.Rd1 Qd7 15.Bg5 
Rad8 16.Bc2 Nd5 17.Bd2 Ndxb4 18.cxb4 Nd4 19.Qxb7 Nxc2 20.Ra2 Qxd3 21.Nc3 
Qc4 22.Nf3 Bxb4 23.Rc1 Nd4 24.Rb2 Bxc3 25.Kh1 Ne2 26.Nxe5 Rxe5 27.Bxc3 
Nxc1 28.Bxe5 Qf1+ 29.Kh2 Ne2 30.Rxe2 Qxe2 31.Bxc7 Re8 0-1